00442 2200157 4500001002100000005001500021035002000036245008000056100003300136300002800169260003600197082000800233084001400241020001700255990001200272INLIS00000000000316720251126120046 a0010-11250000281 aSejarah Nasional Indonesia II :bZaman Kuno /cMarwati Djoened Poesponegoro0 aMarwati Djoened Poesponegoro a536 hlm ;c17,5 x 25 cm aJakarta :bBalai Pustaka,c2010 a900 a900 MAR s a979-47-408-4 a0750960